000 00546nam a22002297a 4500
003 UA-OsUOA
001 20497
007 ta
008 20031031b un ||||| |||| 00| 0 ukr d
090 _a911.373(470+570)
_bВ84
942 _cBK
040 _aUA-OsUOA
_brus
_cUA-OsUOA
_dUA-OsUOA
245 _aВсё Подмосковье
_cН.А.Солнцева
300 _a381 с.
955 _a0
041 _arus
080 _a911.373(470+570)
260 _aМосква
_bМысль
_c1967
044 _aRU
650 7 _2UDC
999 _c306676
_d306676